[Event "Napoli Greco Memorial"]
[Site "Napoli"]
[Date "2015.05.15"]
[Round "6"]
[White "Esposito, Rosario"]
[Black "Nardiello, Luigi"]
[Result "1-0"]
[WhiteElo "1813"]
[BlackElo "1945"]
[PlyCount "39"]
[EventDate "2015.04.09"]
[EventType "swiss"]
[EventRounds "6"]
[EventCountry "ITA"]
[SourceTitle "EXT 2017"]
[Source "ChessBase"]
[SourceDate "2016.10.25"]
[SourceVersion "1"]
[SourceVersionDate "2016.10.25"]
[SourceQuality "1"]

1. d4 Nf6 2. c4 c5 3. d5 e6 4. Nc3 exd5 5. cxd5 d6 6. e4 g6 7. Bb5+ Nbd7 8. f4 Bg7 9. e5 Qe7 10. Qe2 dxe5 11. fxe5 Nh5 12. e6 fxe6 13. dxe6 0-0 14. exd7 Qh4+ 15. g3 Nxg3 16. Qc4+ Qxc4 17. Bxc4+ Kh8 18. dxc8Q Nxh1 19. Qxa8 Rxa8 20. Bd2 1-0

[Event "Napoli Greco Memorial"]
[Site "Napoli"]
[Date "2015.04.16"]
[Round "2"]
[White "Auletta, Pasquale"]
[Black "Nardiello, Luigi"]
[Result "1/2-1/2"]
[WhiteElo "1604"]
[BlackElo "1945"]
[PlyCount "55"]
[EventDate "2015.04.09"]
[EventType "swiss"]
[EventRounds "6"]
[EventCountry "ITA"]
[SourceTitle "EXT 2017"]
[Source "ChessBase"]
[SourceDate "2016.10.25"]
[SourceVersion "1"]
[SourceVersionDate "2016.10.25"]
[SourceQuality "1"]

1. e4 c5 2. Nf3 Nc6 3. d4 cxd4 4. Nxd4 e6 5. Nc3 a6 6. Bc4 Nge7 7. Bb3 Nxd4 8. Qxd4 Nc6 9. Qd3 b5 10. Be3 Bb7 11. 0-0-0 d6 12. Bf4 e5 13. Be3 Rc8 14. Nd5 Na5 15. Rhf1 Nxb3+ 16. Qxb3 Bxd5 17. Qxd5 Qc7 18. Rd2 Qc4 19. Rfd1 Qxd5 20. Rxd5 Be7 21. f4 f6 22. b3 0-0 23. f5 Rc6 24. Kb2 Rfc8 25. R1d2 Kf7 26. g4 Ke8 27. h4 h6 28. h5 1/2-1/2

[Event "Napoli Vomero Natale op 4h"]
[Site "Napoli"]
[Date "2007.11.15"]
[Round "1"]
[White "Gallo, Thomas Renato"]
[Black "Nardiello, Luigi"]
[Result "1-0"]
[WhiteElo "1896"]
[BlackElo "1977"]
[PlyCount "59"]
[EventDate "2007.11.15"]
[EventType "swiss"]
[EventRounds "7"]
[EventCountry "ITA"]
[SourceTitle "EXT 2010"]
[Source "ChessBase"]
[SourceDate "2010.11.25"]
[SourceVersion "1"]
[SourceVersionDate "2010.11.25"]
[SourceQuality "1"]

1. d4 Nf6 2. c4 g6 3. Nc3 Bg7 4. e4 d6 5. f3 0-0 6. Be3 c6 7. Qd2 Na6 8. Nge2 Ne8 9. Bh6 f5 10. Bxg7 Nxg7 11. 0-0-0 fxe4 12. fxe4 Rf2 13. Qe3 Qf8 14. Ng3 Bd7 15. Rd2 Qf4 16. Qxf2 Qg5 17. Be2 b5 18. Rf1 Be6 19. d5 cxd5 20. cxd5 b4 21. Na4 b3 22. a3 Rc8+ 23. Kd1 Nf5 24. Nxf5 Bxf5 25. Bxa6 Bg4+ 26. Be2 Bd7 27. Qxa7 Rc2 28. Rxc2 bxc2+ 29. Kxc2 Bxa4+ 30. Qxa4 1-0